| 000 | 01141cam a2200217 4500 | ||
|---|---|---|---|
| 001 | ABS62268 | ||
| 008 | 000000n2000 000 0 eng u | ||
| 035 | _a(Sirsi) u106009 | ||
| 245 | _aPalmer and another v Bowman and another | ||
| 260 | _c2000 | ||
| 490 |
_aWeekly Law Reports _v[2000] 1 WLR 842-856(18) |
||
| 520 | _aCA 14 January 1999. Plaintiff P and defendant B were neighbouring landowners. Naturally occurring water had previously drained from P's land to B's land via drainage ditches which belonged to B but had gradually disappeared over the previous 30 years. P claimed entitlement to easement of drainage. . P appealed against ruling that the easement had been extinguished by abandonment. B cross appealed on the grounds that B was not entitled to the easement. Appeal dismissed and cross appeal allowed. Held that right to drainage was not capable of being established as an easement. | ||
| 590 | _aABS | ||
| 650 | _aNATURAL DRAINAGE | ||
| 650 | _aEASEMENT | ||
| 650 | _aPALMER V BOWMAN | ||
| 650 | _aDRAINAGE | ||
| 650 | _aDITCHES | ||
| 690 | _aBOUNDARIES, PARTY WALLS AND EASEMENTS-CASE LAW | ||
| 942 | _n0 | ||
| 999 |
_c63489 _d63489 |
||